• 首页
  • 本馆介绍
  • 公告通知
  • 最新文献
  • 馆藏检索
  • 电子资源
  • 读者导购
  • 参考咨询
  • 我的图书馆
  • 登录
  • 详细信息显示
  • 放入我的书架
  • 预约/预借图书
  • 作者相关作品
  • 分类相关作品
  • 丛书相关作品
  • 出版社相关作品

书目信息

  • 表格格式
  • 工作单格式
  • 卡片格式
题名:
生态旅游规划设计
    
 
作者: 洪剑明 , 冉东亚 编著
分册:  
出版信息: 北京   中国林业出版社  2006
页数: 330页
开本: 23cm
丛书名: “生态旅游”系列丛书
单 册:
中图分类: F590.7
科图分类:
主题词: 生态型--旅游--经济规划--研究 , 生态型 , 旅游 , 经济规划
电子资源:
ISBN: 7-5038-4091-9
000 01111oam2 2200337 450
001 003114694
005 20070807150013.54
010    @a7-5038-4091-9@dCNY36.00
035    @a003114694
100    @a20060104d2006 em y0chiy0110 ea
101 0  @achi
102    @aCN@b110000
105    @aa z 000yy
106    @ar
200 1  @a生态旅游规划设计@Asheng tai lv you gui hua she ji@f洪剑明,冉东亚编著@Fhong jian ming, ran dong ya bian zhu
210    @a北京@c中国林业出版社@d2006
215    @a330页@c图@d23cm
225 2  @a“生态旅游”系列丛书@A“ sheng tai lu^ you” xi lie cong shu
312    @a封面英文题名:ECO-tourism
330    @a本书主要介绍生态旅游规划设计的基本原则和规划方法,把景观生态和环境伦理学应用到生态旅游规划设计之中。
461  0 @1001002724205@12001 @a“生态旅游”系列丛书
510 1  @aECO-tourism@zeng
606 0  @a生态型@x旅游@x经济规划@x研究
606 0  @a生态型
606 0  @a旅游
606 0  @a经济规划
690    @aF590.7@v4
701  0 @a洪剑明@Ahong jian ming@4编著
701  0 @a冉东亚@Aran dong ya@4编著
801  0 @aCN@bNLC@c20070807
905    @dF590.7@e203@f4
    
    生态旅游规划设计/洪剑明,冉东亚编著.-北京:中国林业出版社,2006
    330页:图;23cm.-(“生态旅游”系列丛书)
    
    
    ISBN 7-5038-4091-9:CNY36.00
    本书主要介绍生态旅游规划设计的基本原则和规划方法,把景观生态和环境伦理学应用到生态旅游规划设计之中。
●
相关链接 在E读中查询图书 在五车中查询图书 在当当中查询图书 在豆瓣中查询图书


正题名:生态旅游规划设计     索取号:F590.7/203         预约/预借

序号 登录号 条形码 馆藏地/架位号 状态 备注
1 0853460   208534601   第一样本阅览室/ [索取号:F590.7/203] 在馆    
2 0853461   208534610   第一借阅区/ [索取号:F590.7/203] 在馆    
3 0853462   208534629   第一借阅区/ [索取号:F590.7/203] 在馆    
4 0853463   208534638   第一借阅区/ [索取号:F590.7/203] 在馆    
唐山师范学院图书馆 欢迎您!
大连网信软件有限公司© 版权所有